Diseño de interfaces de usuario (Registro nro. 637)

Detalles MARC
000 -LEADER
fixed length control field 01520 a2200241 4500
001 - CONTROL NUMBER
control field 15189
005 - DATE AND TIME OF LATEST TRANSACTION
control field 20260407155449.0
008 - FIXED-LENGTH DATA ELEMENTS--GENERAL INFORMATION
fixed length control field 260407a2006 arg spa d
003 - CONTROL NUMBER IDENTIFIER
control field AR-UNSa-BCEJYS
040 ## - CATALOGING SOURCE
Original cataloging agency AR-UNSa-BCEJYS
Language of cataloging spa
Transcribing agency AR-UNSa-BCEJYS
080 ## - UNIVERSAL DECIMAL CLASSIFICATION NUMBER
Universal Decimal Classification number 004.5
Common auxiliary subdivision Interacción hombre-ordenador. Interfaz hombre-máquina. Interfaz del usuario. Entorno del usuario
020 ## - INTERNATIONAL STANDARD BOOK NUMBER
International Standard Book Number 978-84-205-4803-6
100 1# - MAIN ENTRY--PERSONAL NAME
Personal name Shneiderman, Ben
245 10 - TITLE STATEMENT
Title Diseño de interfaces de usuario
Name of part/section of a work estrategias para una interacción persona-computadora efectiva
250 ## - EDITION STATEMENT
Edition statement 4a. ed.
264 #1 - PRODUCTION, PUBLICATION, DISTRIBUTION, MANUFACTURE, AND COPYRIGHT NOTICE
Place of production, publication, distribution, manufacture Madrid :
Name of producer, publisher, distributor, manufacturer Pearson Educación
Date of production, publication, distribution, manufacture, or copyright notice 2006
300 ## - PHYSICAL DESCRIPTION
Extent xvi, 722 p.
Dimensions 24 cm.
505 ## - FORMATTED CONTENTS NOTE
Formatted contents note 1. Usabilidad de sistemas interactivos - 2. Guías, principios y teorías - 3. Gestión de procesos de diseño - 4. Evaluación de diseños de interfaz - 5. Herramientas software - 6. Manipulación directa y entornos virtuales - 7. Menús, formularios y cuadros de diálogo - 8. Lenguajes de órdenes y lenguaje natural - 9. Dispositivos de interacción - 10. Colaboración - 11. Calidad de servicio - 12. Equilibrio entre funcionalidad y apariencia - 13. Manuales de usuario, ayuda en línea y tutoriales - 14. Búsqueda y visualización de información - 15. Impacto individual y social de las interfaces de usuario
590 ## - LOCAL NOTE (RLIN)
Local note niveau_biblio:m niveau_hierar:0
700 1# - ADDED ENTRY--PERSONAL NAME
Personal name Plaisant, Catherine
856 41 - ELECTRONIC LOCATION AND ACCESS
Uniform Resource Identifier <a href="https://biblioeco.unsa.edu.ar/pmb/images/libros/Dise?o de Interfaces de Usuario-l119003.jpg">https://biblioeco.unsa.edu.ar/pmb/images/libros/Dise?o de Interfaces de Usuario-l119003.jpg</a>
Link text Imagen de portada
Electronic format type image/jpeg
942 ## - ADDED ENTRY ELEMENTS (KOHA)
Koha item type
Existencias
Withdrawn status Lost status Damaged status Not for loan Home library Current library Shelving location Date acquired Total checkouts Full call number Barcode Date last seen Price effective from Koha item type
        Biblioteca Prof. Eusebio Cleto del Rey Biblioteca Prof. Eusebio Cleto del Rey   07/04/2026   004.5 S558 L119003 07/04/2026 07/04/2026 Libro